书目信息 |
| 题名: |
分子影像与单分子检测技术
|
|
| 作者: | 唐孝威 编著 | |
| 分册: | ||
| 出版信息: | 北京 化学工业出版社 2004.4 |
|
| 页数: | 215页 | |
| 开本: | 24cm | |
| 丛书名: | 高新技术科普丛书 | |
| 单 册: | ||
| 中图分类: | R445 | |
| 科图分类: | ||
| 主题词: | 影象诊断--ying xiang zhen duan | |
| 电子资源: | ||
| ISBN: | 7-5025-5327-4 | |
| 000 | 01078nam 2200301 450 | |
| 001 | CAL 012006062838 | |
| 005 | 20061030151304.50 | |
| 010 | @a7-5025-5327-4@dCNY27.00 | |
| 099 | @aCAL 012006062838 | |
| 100 | @a20060918d2004 em y0chiy0120 ea | |
| 101 | 0 | @achi |
| 102 | @aCN@b110000 | |
| 105 | @aa a 000yy | |
| 200 | 1 | @a分子影像与单分子检测技术@Afen zi ying xiang yu dan fen zi jian ce ji shu@f唐孝威 … [等]编著 |
| 210 | @a北京@c化学工业出版社@d2004.4 | |
| 215 | @a215页@c图@d24cm | |
| 225 | 2 | @a高新技术科普丛书@Agao xin ji shu ke pu cong shu |
| 300 | @a国家科普知识重点图书 | |
| 304 | @a本书编著者为: 唐孝威、罗建红、章士正等 | |
| 320 | @a有书目 | |
| 330 | @a本书主要介绍分子影像技术与单分子检测技术的基本原理、方法、进展情况和发展前景, 包括分子影像、磁共振分子成像、核医学分子成像等内容。 | |
| 333 | @a阅读对象: 科技人员和高中以上文化程度的读者 | |
| 410 | 0 | @12001 @a高新技术科普丛书 |
| 606 | 0 | @a影象诊断@Aying xiang zhen duan |
| 690 | @aR445@v4 | |
| 701 | 0 | @a唐孝威@Atang xiao wei@4编著 |
| 801 | 0 | @aCN@c20061030 |
| 905 | @apdsgxy@dR445@eT260 | |
| 分子影像与单分子检测技术/唐孝威 … [等]编著.-北京:化学工业出版社,2004.4 |
| 215页:图;24cm.-(高新技术科普丛书) |
| 国家科普知识重点图书.-使用对象:阅读对象: 科技人员和高中以上文化程度的读者 |
| ISBN 7-5025-5327-4:CNY27.00 |
| 本书主要介绍分子影像技术与单分子检测技术的基本原理、方法、进展情况和发展前景, 包括分子影像、磁共振分子成像、核医学分子成像等内容。 |
| ● |
| 相关链接 |
|
|
|
正题名:分子影像与单分子检测技术
索取号:R445/T260
 
预约/预借
| 序号 | 登录号 | 条形码 | 馆藏地/架位号 | 状态 | 备注 |
| 1 | 635078 | 206350786 | 自科库401/401自科库 16排4列3层/ [索取号:R445/T260] | 在馆 | |
| 2 | 635079 | 206350795 | 自科库401/401自科库 16排4列3层/ [索取号:R445/T260] | 在馆 | |
| 3 | 635080 | 206350802 | 自科库401/401自科库 16排4列3层/ [索取号:R445/T260] | 在馆 |